Coming to a standstill (Record no. 84739)

MARC details
000 -LEADER
fixed length control field 01130cab a22002535a 4500
001 - CONTROL NUMBER
control field L158938
008 - FIXED-LENGTH DATA ELEMENTS--GENERAL INFORMATION
fixed length control field 151016e20151016xxk 000 0 eng d
035 ## - SYSTEM CONTROL NUMBER
System control number (Sirsi) u158938
041 0# - LANGUAGE CODE
Language code of text/sound track or separate title eng
100 1# - MAIN ENTRY--PERSONAL NAME
Personal name Youde, Kate
245 00 - TITLE STATEMENT
Title Coming to a standstill
260 ## - PUBLICATION, DISTRIBUTION, ETC.
Date of publication, distribution, etc. 2015
490 ## - SERIES STATEMENT
Series statement Inside Housing
Volume/sequential designation 16 October 2015, 24-26(3)
520 ## - SUMMARY, ETC.
Summary, etc. Assesses the success of the Energy Company Oblgation (ECO) scheme set up to improving the energy efficiency of homes in the UK through measures funded by the large energy suppliers such as cavity wall installation and replacing boilers with more energy efficiency ones. There are two ECO programmes, ECO1 which ran from Jan 2013 and March 2015 and the second from April 2015 to March 2017. With the ECO ending in 2017 assesses the future for improving energy efficiency of UK social housing stock.
590 ## - LOCAL NOTE (RLIN)
Local note KA
650 24 - SUBJECT ADDED ENTRY--TOPICAL TERM
Topical term or geographic name entry element ENERGY COMPANY OBLIGATION
650 24 - SUBJECT ADDED ENTRY--TOPICAL TERM
Topical term or geographic name entry element CLIMATE CHANGE ACT 2008
650 24 - SUBJECT ADDED ENTRY--TOPICAL TERM
Topical term or geographic name entry element GREEN DEAL
651 #4 - SUBJECT ADDED ENTRY--GEOGRAPHIC NAME
Geographic name United Kingdom
Chronological subdivision
690 ## - LOCAL SUBJECT ADDED ENTRY--TOPICAL TERM (OCLC, RLIN)
Topical term or geographic name as entry element Sustainability
9 (RLIN) 6271
690 ## - LOCAL SUBJECT ADDED ENTRY--TOPICAL TERM (OCLC, RLIN)
Topical term or geographic name as entry element Energy
9 (RLIN) 6237
690 ## - LOCAL SUBJECT ADDED ENTRY--TOPICAL TERM (OCLC, RLIN)
Topical term or geographic name as entry element Residential property
9 (RLIN) 6266
942 ## - ADDED ENTRY ELEMENTS (KOHA)
Suppress in OPAC 0
Holdings
Withdrawn status Lost status Source of classification or shelving scheme Damaged status Not for loan Home library Current library Shelving location Date acquired Total Checkouts Full call number Barcode Date last seen Copy number Price effective from Koha item type
    Dewey Decimal Classification     London London Journals 16/10/2015   L158938 158938-1001 06/08/2019 1 06/08/2019 Journal article